[Event "I Festival dell'Etna A"]
[Site "Nicolosi ITA"]
[Date "2014.12.05"]
[Round "1"]
[White "Trifoglio, Giovanni"]
[Black "Mihajlova, Diana"]
[WhiteElo "1877"]
[BlackElo "1478"]
[Result "1-0"]
[PlyCount "111"]
[EventDate "2014.12.05"]

1. e4 d5 2. exd5 Nf6 3. d4 Bg4 4. Nf3 Qxd5 5. Be2 Nc6 6. O-O O-O-O 7. c4 Qh5 8.
Re1 e5 9. d5 Bc5 10. Qb3 Nd4 11. Nxd4 exd4 12. Bd3 Nd7 13. f3 Bd6 14. f4 g5 15.
Rf1 Nc5 16. Qc2 Rde8 17. Bf5+ Kb8 18. Bxg4 Qxg4 19. Qf2 Nd3 20. Qg3 Qxg3 21.
hxg3 Nxc1 22. Rxc1 gxf4 23. gxf4 Bxf4 24. Rd1 Re5 25. Nd2 Be3+ 26. Kf1 Rh5 27.
Nf3 Rf5 28. Ke2 Re8 29. Kd3 Bf2 30. Nxd4 Re3+ 31. Kd2 Rg5 32. Rf1 Re4 33. Rxf2
Rxd4+ 34. Kc3 Rgg4 35. b3 Rdf4 36. Rxf4 Rxf4 37. Rh1 Kc8 38. Rxh7 Kd7 39. Rg7
Ke7 40. a4 Rf6 41. Rg3 Rg6 42. Rxg6 fxg6 43. b4 b6 44. Kd4 a5 45. bxa5 bxa5 46.
c5 Kf6 47. g3 g5 48. g4 Kf7 49. Ke5 Ke7 50. Kf5 Kf7 51. Kxg5 Ke7 52. Kf5 Kf7
53. g5 Ke8 54. Ke6 Kd8 55. g6 Ke8 56. g7 1-0

[Event "I Festival dell'Etna A"]
[Site "Nicolosi ITA"]
[Date "2014.12.06"]
[Round "2"]
[White "Auci, Matteo"]
[Black "Battaglia, Fabio"]
[WhiteElo "1500"]
[BlackElo "1703"]
[Result "0-1"]
[PlyCount "62"]
[EventDate "2014.12.05"]

1. e4 c5 2. Ne2 d6 3. Nbc3 Nf6 4. g3 e5 5. Bg2 Be7 6. O-O Nc6 7. d3 O-O 8. f4
Bg4 9. h3 Bxe2 10. Nxe2 Nd4 11. fxe5 dxe5 12. Nc3 b5 13. Nd5 Rc8 14. Bg5 Nxd5
15. c3 Nxc3 16. bxc3 Bxg5 17. cxd4 Qxd4+ 18. Kh2 Rcd8 19. Qg4 Bh6 20. Rfd1 Rd6
21. Rab1 a6 22. Qe2 Rfd8 23. Bf1 Rf6 24. Rb2 Be3 25. Qg2 c4 26. Kh1 c3 27. Rc2
b4 28. Re1 Bd2 29. Re2 Qxd3 30. Rexd2 Rxf1+ 31. Kh2 cxd2 0-1

[Event "I Festival dell'Etna A"]
[Site "Nicolosi ITA"]
[Date "2014.12.06"]
[Round "2"]
[White "Baiocchi, Emanuele"]
[Black "Ljubisavljevic, Zivojin Z."]
[WhiteElo "1947"]
[BlackElo "2161"]
[Result "0-1"]
[PlyCount "92"]
[EventDate "2014.12.05"]

1. e4 g6 2. Nc3 Bg7 3. g3 c5 4. Bg2 d6 5. Nge2 Nc6 6. d3 e5 7. O-O Nge7 8. Be3
O-O 9. Qd2 Nd4 10. f4 f5 11. Nc1 Rb8 12. Nd1 exf4 13. gxf4 b5 14. c3 Ne6 15.
Ne2 b4 16. Bf2 bxc3 17. bxc3 d5 18. exf5 Nxf5 19. Ne3 Nxe3 20. Bxe3 d4 21. cxd4
Nxd4 22. Rac1 Rb2 23. Qxb2 Nf3+ 24. Bxf3 Bxb2 25. Rb1 Bd4 26. Nxd4 cxd4 27. Bd2
Be6 28. Rb5 Rf5 29. Rfb1 Rxb5 30. Rxb5 Qc7 31. Rb2 a5 32. a4 Qd6 33. Rb5 Qa3
34. Rb8+ Kg7 35. Rb7+ Kf6 36. Be4 Qxa4 37. Kf2 Qa2 38. Ke1 Bd5 39. Rb6+ Kf7 40.
Rb5 Bxe4 41. dxe4 a4 42. Rb7+ Ke8 43. Rb8+ Kd7 44. Rb4 Qa1+ 45. Ke2 d3+ 46. Kf2
a3 0-1

[Event "I Festival dell'Etna A"]
[Site "Nicolosi ITA"]
[Date "2014.12.06"]
[Round "2"]
[White "Barbagallo, Andrea"]
[Black "Licata, Silvio"]
[WhiteElo "1677"]
[BlackElo "1489"]
[Result "1-0"]
[PlyCount "120"]
[EventDate "2014.12.05"]

1. e4 c5 2. Nf3 Nc6 3. d4 cxd4 4. Nxd4 e6 5. Be3 a6 6. Be2 Qc7 7. O-O Nf6 8. f3
Bd6 9. h3 Nh5 10. Bf2 Nf4 11. Re1 Nxd4 12. Bxd4 Qa5 13. Bf1 Qg5 14. Kh1 Nh5 15.
e5 Be7 16. Qd2 Qxd2 17. Nxd2 Ng3+ 18. Kg1 Nf5 19. Bb6 d6 20. Nc4 d5 21. Ne3
Nxe3 22. Rxe3 Bd7 23. a4 Rc8 24. c3 O-O 25. Kf2 Bc5 26. Bxc5 Rxc5 27. Ke1 Ra5
28. b3 b5 29. Kd2 bxa4 30. b4 d4 31. Rd3 dxc3+ 32. Kxc3 Rc8+ 33. Kd2 Rd5 34.
Rxd5 exd5 35. Bxa6 Rb8 36. b5 Bxb5 37. Rb1 a3 38. Bxb5 a2 39. Ra1 Rxb5 40. Rxa2
Rb8 41. Kc3 Kf8 42. Kd4 Rd8 43. Ra5 Ke7 44. Rxd5 Rxd5+ 45. Kxd5 g5 46. g3 h5
47. h4 gxh4 48. gxh4 f6 49. exf6+ Kxf6 50. Ke4 Ke6 51. f4 Kf6 52. f5 Kf7 53.
Ke5 Ke7 54. f6+ Kf8 55. Kf5 Kf7 56. Kg5 Kf8 57. Kxh5 Kf7 58. Kg5 Kf8 59. Kg6
Kg8 60. f7+ Kf8 1-0

[Event "I Festival dell'Etna A"]
[Site "Nicolosi ITA"]
[Date "2014.12.06"]
[Round "2"]
[White "Biot, Thomas"]
[Black "Nobile, Stefano"]
[WhiteElo "1602"]
[BlackElo "1803"]
[Result "0-1"]
[PlyCount "74"]
[EventDate "2014.12.05"]

1. e4 d6 2. d4 Nf6 3. Nc3 e5 4. Nf3 Nbd7 5. Bc4 Be7 6. Ng5 O-O 7. Be3 c6 8. Qd3
b5 9. Bb3 a5 10. a3 Ng4 11. Ne6 Nxf2 12. O-O Nxd3 13. Nxd8 Bxd8 14. cxd3 Bb6
15. Ne2 Nf6 16. h3 Be6 17. Bxe6 fxe6 18. Kh2 d5 19. dxe5 Bxe3 20. exf6 Rxf6 21.
Rxf6 gxf6 22. Rf1 Kg7 23. e5 f5 24. g4 Kg6 25. Nf4+ Bxf4+ 26. Rxf4 c5 27. b3 h5
28. gxf5+ exf5 29. Kg3 Re8 30. d4 cxd4 31. Rxd4 Rxe5 32. Rd3 Kg5 33. h4+ Kf6
34. Kf4 Re4+ 35. Kf3 d4 36. b4 a4 37. Rd1 Rxh4 0-1

[Event "I Festival dell'Etna A"]
[Site "Nicolosi ITA"]
[Date "2014.12.06"]
[Round "2"]
[White "Bruno, Alessio"]
[Black "Amato, Angelo"]
[WhiteElo "1338"]
[BlackElo "1659"]
[Result "1/2-1/2"]
[PlyCount "102"]
[EventDate "2014.12.05"]

1. d4 Nf6 2. Nf3 g6 3. e3 Bg7 4. Bd3 b6 5. Nbd2 Bb7 6. c4 O-O 7. O-O d5 8. b3
Qd6 9. h3 Nbd7 10. Bb2 Rac8 11. Rc1 c5 12. Qe2 Rfe8 13. cxd5 Nxd5 14. dxc5 Nxc5
15. Bxg7 Kxg7 16. Nc4 Qd8 17. Rfd1 e6 18. Bb1 Qe7 19. b4 Nxb4 20. Qb2+ Kg8 21.
Qxb4 Bxf3 22. gxf3 Qh4 23. Qe1 Qxh3 24. f4 h5 25. Qf1 Qg4+ 26. Qg2 Rc7 27. Qxg4
hxg4 28. Ne5 f5 29. Nxg6 Rg7 30. Ne5 g3 31. fxg3 Rxg3+ 32. Kf2 Rh3 33. Rh1 Rxh1
34. Rxh1 Rd8 35. Ke2 Na4 36. Rc1 b5 37. Nd3 Kf7 38. Nc5 Rc8 39. Kd2 Rxc5 40.
Rxc5 Nxc5 41. Kc3 Na4+ 42. Kb4 Ke7 43. Bc2 Nb6 44. Bb3 a6 45. Ka5 Nc4+ 46. Bxc4
bxc4 47. Kb4 Kd6 48. Kxc4 Kc6 49. Kd4 Kd7 50. e4 fxe4 51. Kxe4 Kd6 1/2-1/2

[Event "I Festival dell'Etna A"]
[Site "Nicolosi ITA"]
[Date "2014.12.06"]
[Round "2"]
[White "Cervellione, Piernicola"]
[Black "Bandieramonte, Enrico"]
[WhiteElo "1431"]
[BlackElo "1665"]
[Result "0-1"]
[PlyCount "52"]
[EventDate "2014.12.05"]

1. e4 e5 2. Nf3 Nc6 3. Bb5 d6 4. O-O Bd7 5. c3 a6 6. Ba4 Nf6 7. Re1 Ne7 8. Bb3
h6 9. d4 Ng6 10. Nbd2 Be7 11. Nf1 O-O 12. Ng3 Qc8 13. Qd3 Bb5 14. c4 Bd7 15. d5
Bg4 16. Bd2 Nh5 17. Nxh5 Bxh5 18. Rac1 b6 19. a3 f5 20. Ba4 fxe4 21. Qxe4 Nf4
22. Bc6 Nxg2 23. Rc3 Bxf3 24. Rxf3 Rxf3 25. Kxg2 Qh3+ 26. Kh1 Rxf2 0-1

[Event "I Festival dell'Etna A"]
[Site "Nicolosi ITA"]
[Date "2014.12.06"]
[Round "2"]
[White "Dagnino, Marcello"]
[Black "Todaro, Adriano"]
[WhiteElo "1524"]
[BlackElo "1748"]
[Result "1/2-1/2"]
[PlyCount "65"]
[EventDate "2014.12.05"]

1. d4 c5 2. c3 g6 3. e4 cxd4 4. cxd4 d5 5. Nc3 dxe4 6. Nxe4 e6 7. Be3 Bg7 8.
Nf3 Ne7 9. Bb5+ Bd7 10. Bxd7+ Nxd7 11. Nd6+ Kf8 12. O-O Nf6 13. Nc4 h6 14. Qd3
Kg8 15. Nce5 Nfd5 16. a3 Nc6 17. Nxc6 bxc6 18. Ne5 Nxe3 19. Qxe3 Qb6 20. b4 h5
21. Qf4 Bxe5 22. dxe5 Rd8 23. Rfd1 Rd5 24. Qf6 h4 25. Rxd5 cxd5 26. Rc1 Qb7 27.
b5 h3 28. Rc6 d4 29. gxh3 Kh7 30. Rd6 Rc8 31. Qh4+ Kg7 32. Qf6+ Kh7 33. Qh4+
1/2-1/2

[Event "I Festival dell'Etna A"]
[Site "Nicolosi ITA"]
[Date "2014.12.06"]
[Round "2"]
[White "Efimov, Igor"]
[Black "Gueci, Laura"]
[WhiteElo "2409"]
[BlackElo "2010"]
[Result "1-0"]
[PlyCount "57"]
[EventDate "2014.12.05"]

1. d4 d5 2. c4 c6 3. Nf3 Nf6 4. Qc2 a6 5. g3 g6 6. Bg2 Bg7 7. O-O O-O 8. Rd1
Nbd7 9. b3 b5 10. Nbd2 Bb7 11. e4 dxe4 12. Nxe4 Nxe4 13. Qxe4 e6 14. Bg5 Qc8
15. c5 e5 16. Nxe5 Re8 17. Bh3 f5 18. Qh4 Bxe5 19. dxe5 Nxc5 20. Bf6 Ne4 21.
Qxe4 fxe4 22. Bxc8 Bxc8 23. Rac1 Bh3 24. Rd4 c5 25. Rxe4 Rac8 26. g4 Rc6 27. f3
Kf7 28. Kf2 h5 29. Rf4 1-0

[Event "I Festival dell'Etna A"]
[Site "Nicolosi ITA"]
[Date "2014.12.06"]
[Round "2"]
[White "Fabiano, Giuseppe"]
[Black "Savina, Anastasia"]
[WhiteElo "2015"]
[BlackElo "2397"]
[Result "0-1"]
[PlyCount "58"]
[EventDate "2014.12.05"]

1. e4 c5 2. Nf3 Nc6 3. d4 cxd4 4. Nxd4 e5 5. Nb5 d6 6. N1c3 a6 7. Na3 b5 8. Nd5
Nce7 9. Nxb5 axb5 10. Bxb5+ Bd7 11. Bxd7+ Qxd7 12. O-O Nxd5 13. exd5 Be7 14. c4
f5 15. a4 Nf6 16. a5 Bd8 17. Bd2 O-O 18. Qe2 Ne4 19. b4 Nxd2 20. Qxd2 e4 21.
Ra2 f4 22. f3 exf3 23. Rxf3 Qf5 24. b5 Bb6+ 25. axb6 Qb1+ 26. Rf1 Rxa2 27. Rxb1
Rxd2 28. Re1 Rb8 29. Re6 Rxb6 0-1

[Event "I Festival dell'Etna A"]
[Site "Nicolosi ITA"]
[Date "2014.12.06"]
[Round "2"]
[White "Fasino, Salvatore"]
[Black "Furnari, Francesco"]
[WhiteElo "1604"]
[BlackElo "1850"]
[Result "1-0"]
[PlyCount "120"]
[EventDate "2014.12.05"]

1. Nf3 d5 2. d3 Nf6 3. g3 Bf5 4. Bg2 c6 5. Nbd2 e6 6. O-O Bd6 7. c4 Nbd7 8.
cxd5 exd5 9. Nb3 O-O 10. Bd2 Re8 11. Re1 a5 12. Rc1 h6 13. Bc3 Ng4 14. h3 Nge5
15. Nbd4 Nxf3+ 16. Nxf3 Nf6 17. Nd2 Re6 18. e4 dxe4 19. dxe4 Qb6 20. exf5 Rxe1+
21. Qxe1 Re8 22. Qd1 Bxg3 23. Qf3 Bh4 24. Bxf6 Bxf6 25. Nc4 Qc5 26. b3 Re5 27.
Rd1 Rxf5 28. Qe3 Qxe3 29. fxe3 Rc5 30. Kf1 a4 31. Rd3 axb3 32. axb3 b5 33. Na5
Rf5+ 34. Ke2 c5 35. e4 Rg5 36. Kf3 Be5 37. Rd5 Bc3 38. Rxg5 hxg5 39. Nb7 Bd4
40. Bf1 b4 41. Kg4 f6 42. Kf5 Kf7 43. Bc4+ Ke7 44. Kg6 Kd7 45. Na5 Kd6 46. Bd5
Ke5 47. Nc4+ Kf4 48. Nd6 Be5 49. Ne8 c4 50. Bxc4 Kxe4 51. Nxg7 Kf4 52. Nh5+ Kf3
53. Nxf6 Bf4 54. Nh5 Bd2 55. Kf5 Bc1 56. Bd5+ Ke2 57. Ng3+ Ke3 58. Ne4 Kd4 59.
Bc4 Be3 60. Nxg5 Bf2 1-0

[Event "I Festival dell'Etna A"]
[Site "Nicolosi ITA"]
[Date "2014.12.06"]
[Round "2"]
[White "Gigante, Giovanni"]
[Black "La Franca, Vincenzo"]
[WhiteElo "1801"]
[BlackElo "1591"]
[Result "1-0"]
[PlyCount "159"]
[EventDate "2014.12.05"]

1. Nf3 e6 2. c4 c5 3. e3 Nc6 4. Be2 g6 5. a3 Bg7 6. O-O Nge7 7. d3 d5 8. cxd5
Nxd5 9. Nbd2 Nf6 10. Qc2 Qe7 11. Nb3 Nd7 12. Rd1 Nce5 13. Bd2 b6 14. Bc3 Bb7
15. Nxe5 Nxe5 16. f4 O-O 17. Bxe5 Bxe5 18. fxe5 Qg5 19. Bf1 Qxe3+ 20. Qf2 Qxe5
21. d4 Qd5 22. Qc2 cxd4 23. Rxd4 Rac8 24. Rxd5 Rxc2 25. Rd2 Rfc8 26. Rad1 Bd5
27. Nd4 Rxd2 28. Rxd2 Rc1 29. Kf2 Kg7 30. Ba6 Rh1 31. h3 h5 32. Nb5 Bc4 33. Ke3
Re1+ 34. Kd4 Re2 35. Rxe2 Bxe2 36. Nc7 Bxa6 37. Nxa6 Kf6 38. b4 Kf5 39. g3 g5
40. b5 h4 41. gxh4 gxh4 42. Nb4 Kf4 43. Nc6 Kg3 44. Ke3 Kxh3 45. Kf3 f6 46. Nd4
e5 47. Nf5 e4+ 48. Kf4 e3 49. Nxe3 Kh2 50. Ng4+ Kg2 51. Nxf6 Kf2 52. a4 Ke2 53.
Ke4 Kf2 54. Ng4+ Kg3 55. Ne5 Kf2 56. Nd3+ Ke2 57. Nf4+ Kf2 58. Nh3+ Ke2 59. Ng5
Kd2 60. Nf3+ Kc3 61. Ne5 Kb4 62. Nc6+ Kxa4 63. Nxa7 Kb4 64. Kf3 Kc5 65. Kg4 h3
66. Kxh3 Kd4 67. Kg4 Ke4 68. Kh5 Kd5 69. Kh4 Kd4 70. Kh5 Kd5 71. Kg6 Ke6 72.
Kg7 Ke7 73. Nc6+ Ke6 74. Kf8 Kd7 75. Kf7 Kc7 76. Ke7 Kb7 77. Kd7 Ka8 78. Nd8
Kb8 79. Kc6 Ka7 80. Nb7 1-0

[Event "I Festival dell'Etna A"]
[Site "Nicolosi ITA"]
[Date "2014.12.06"]
[Round "2"]
[White "Guccione, Cristoforo"]
[Black "Santagati, Alessandro"]
[WhiteElo "1983"]
[BlackElo "2212"]
[Result "1/2-1/2"]
[PlyCount "44"]
[EventDate "2014.12.05"]

1. e4 e6 2. d4 d5 3. Nc3 Nc6 4. exd5 exd5 5. a3 Nf6 6. Bg5 Be7 7. Nf3 O-O 8.
Be2 Bf5 9. O-O Ne4 10. Bxe7 Nxe7 11. Nxe4 Bxe4 12. Nd2 Nf5 13. Nxe4 dxe4 14. d5
Qg5 15. Qc1 e3 16. f4 Qe7 17. c3 Rad8 18. Qc2 Rxd5 19. Bf3 e2 20. Rfe1 Qc5+ 21.
Kh1 Ng3+ 22. hxg3 Rh5+ 1/2-1/2

[Event "I Festival dell'Etna A"]
[Site "Nicolosi ITA"]
[Date "2014.12.06"]
[Round "2"]
[White "Iannello, Andrea"]
[Black "Pace, Colin"]
[WhiteElo "1904"]
[BlackElo "2095"]
[Result "0-1"]
[PlyCount "48"]
[EventDate "2014.12.05"]

1. e4 c5 2. Nf3 e6 3. c3 Nf6 4. e5 Nd5 5. d4 cxd4 6. cxd4 b6 7. Be2 d6 8. O-O
Nd7 9. Nc3 Nxc3 10. bxc3 dxe5 11. d5 Be7 12. dxe6 fxe6 13. Bc4 Nc5 14. Qe2 O-O
15. Nxe5 Qc7 16. Re1 Bd6 17. h3 Bb7 18. Ng4 Rae8 19. Be3 h5 20. Bxc5 Qxc5 21.
Bxe6+ Kh8 22. Ne5 Rxe6 23. Nf7+ Rxf7 24. Qxe6 Qxf2+ 0-1

[Event "I Festival dell'Etna A"]
[Site "Nicolosi ITA"]
[Date "2014.12.06"]
[Round "2"]
[White "Lo Piccolo, Antonino"]
[Black "Gelardi, Davide"]
[WhiteElo "1875"]
[BlackElo "1863"]
[Result "1-0"]
[PlyCount "101"]
[EventDate "2014.12.05"]

1. e4 e6 2. d3 d5 3. Nd2 Nf6 4. Ngf3 c5 5. g3 Nc6 6. Bg2 Be7 7. O-O O-O 8. Re1
Qc7 9. e5 Nd7 10. Qe2 b5 11. Nf1 a5 12. h4 Ba6 13. c3 a4 14. Bf4 Na5 15. Ne3
Nb6 16. h5 b4 17. cxb4 cxb4 18. Rac1 Qd7 19. Bg5 Bxg5 20. Nxg5 Rac8 21. Ng4 h6
22. Nh3 Kh7 23. Qe3 d4 24. Be4+ Kh8 25. Qf4 Nd5 26. Qd2 Bb7 27. Nxh6 f5 28.
exf6 Nxf6 29. Rxc8 Rxc8 30. Bxb7 Nxb7 31. Qg5 Rf8 32. Ng4 Nxg4 33. Qxg4 Nc5 34.
Nf4 Rf6 35. Ng6+ Kh7 36. Ne5 Qd5 37. Qg5 Nd7 38. f4 Nc5 39. Ng4 Qxg5 40. fxg5
Rf3 41. g6+ Kg8 42. Kg2 Rxd3 43. Rc1 Rd2+ 44. Kf3 Nd7 45. Rc8+ Nf8 46. Ne5 Rd1
47. Ke2 Rb1 48. Nd7 d3+ 49. Kf2 Rxb2+ 50. Ke3 Re2+ 51. Kf3 1-0

[Event "I Festival dell'Etna A"]
[Site "Nicolosi ITA"]
[Date "2014.12.06"]
[Round "2"]
[White "Manakova, Maria"]
[Black "Seminara, Antonio"]
[WhiteElo "2352"]
[BlackElo "1963"]
[Result "1-0"]
[PlyCount "135"]
[EventDate "2014.12.05"]

1. c4 e5 2. Nc3 Nc6 3. Nf3 d6 4. d4 exd4 5. Nxd4 Nxd4 6. Qxd4 Qf6 7. Qe3+ Qe5
8. Nd5 Qxe3 9. Bxe3 Kd8 10. O-O-O c6 11. Nc3 Be6 12. b3 Nf6 13. Bf4 Kd7 14. e4
Rd8 15. e5 Nh5 16. Be3 Kc7 17. Be2 g6 18. g4 Ng7 19. Bd4 d5 20. cxd5 Bxd5 21.
Nxd5+ cxd5 22. Kb1 Ne6 23. Be3 d4 24. Bc1 a6 25. f4 b5 26. f5 Nc5 27. Bg5 Rd7
28. Bf3 Bg7 29. Rc1 Kb6 30. b4 Nd3 31. Rc6+ Ka7 32. e6 fxe6 33. fxe6 Rb7 34.
Rd6 Be5 35. Rd7 Rxd7 36. exd7 Bc7 37. Bf6 Rf8 38. Bxd4+ Kb8 39. Bg2 Rf4 40. Bc3
Rxg4 41. Rd1 Rxg2 42. Rxd3 Bd8 43. Be5+ Kb7 44. Bg3 Re2 45. a3 Kc6 46. Rd6+ Kb7
47. Kc1 g5 48. Kd1 Ra2 49. Re6 Rxa3 50. Kc2 Ra2+ 51. Kc3 Ra3+ 52. Kd2 Ra2+ 53.
Kd3 Ra3+ 54. Ke4 Rb3 55. Re8 Rxb4+ 56. Kf5 Ba5 57. Be1 Rf4+ 58. Kxg5 Bc7 59.
d8=Q Bxd8+ 60. Kxf4 Bc7+ 61. Ke4 Bxh2 62. Re7+ Kb6 63. Rxh7 Bg1 64. Kd5 Be3 65.
Re7 Bg1 66. Re6+ Kb7 67. Bb4 Bf2 68. Ba5 1-0

[Event "I Festival dell'Etna A"]
[Site "Nicolosi ITA"]
[Date "2014.12.06"]
[Round "2"]
[White "Marzaduri, Riccardo"]
[Black "Iannello, Antonio"]
[WhiteElo "2132"]
[BlackElo "1907"]
[Result "1-0"]
[PlyCount "71"]
[EventDate "2014.12.05"]

1. e4 c5 2. Nf3 d6 3. d4 cxd4 4. Nxd4 Nf6 5. Nc3 Nc6 6. Be2 g6 7. O-O Bg7 8.
Be3 O-O 9. Kh1 Bd7 10. f4 Rc8 11. Nb3 a6 12. a4 Na5 13. e5 Ne8 14. Nxa5 Rxc3
15. Nxb7 Qc7 16. bxc3 Qxb7 17. Bd4 dxe5 18. fxe5 Nc7 19. Bf3 Bc6 20. Bxc6 Qxc6
21. Qf3 Qe6 22. Qb7 Rc8 23. Rab1 Nd5 24. Rf3 Rc7 25. Qa8+ Rc8 26. Rb8 Rf8 27.
Rxf8+ Bxf8 28. Qb7 a5 29. Qb5 Bg7 30. c4 Nb4 31. c3 Nc6 32. Qd5 Qc8 33. Qxf7+
Kh8 34. e6 Nxd4 35. cxd4 Bf6 36. Rxf6 1-0

[Event "I Festival dell'Etna A"]
[Site "Nicolosi ITA"]
[Date "2014.12.06"]
[Round "2"]
[White "Mihajlova, Diana"]
[Black "Battaglia, Giuseppe"]
[WhiteElo "1478"]
[BlackElo "1690"]
[Result "0-1"]
[PlyCount "112"]
[EventDate "2014.12.05"]

1. e4 e5 2. Nf3 Nc6 3. Bc4 Be7 4. c3 Nf6 5. d3 d6 6. Qb3 O-O 7. Ng5 Qe8 8. Qa4
h6 9. Nf3 a6 10. Na3 Bd7 11. Qc2 Na5 12. d4 Nxc4 13. Nxc4 exd4 14. cxd4 b5 15.
Ne3 c5 16. d5 Bd8 17. e5 dxe5 18. Qxc5 Ne4 19. Qb4 f5 20. O-O a5 21. Qe1 b4 22.
Nd2 Nf6 23. Ndc4 Bb5 24. Nd6 Qd7 25. Nxb5 Qxb5 26. d6 Ne4 27. Nxf5 Qd3 28. Ne7+
Kh7 29. Nc6 Bb6 30. Nxe5 Nxf2 31. Rxf2 Qd4 32. Be3 Qxe3 33. Qxe3 Bxe3 34. Nf3
Rad8 35. Rd1 Rf6 36. d7 g5 37. h3 Kg7 38. Rdd2 Rf7 39. Ne5 Bxf2+ 40. Rxf2 Rxf2
41. Kxf2 Kf6 42. Ng4+ Ke6 43. Nxh6 Rxd7 44. Ke3 Rc7 45. Kd2 Ke5 46. g4 Rh7 47.
Nf5 Rxh3 48. Ne3 Kf4 49. Nc4 a4 50. Nb6 a3 51. b3 Rh2+ 52. Kd3 Rxa2 53. Nd5+
Kxg4 54. Nxb4 Rf2 55. Nc2 a2 56. Kc3 Rxc2+ 0-1

[Event "I Festival dell'Etna A"]
[Site "Nicolosi ITA"]
[Date "2014.12.06"]
[Round "2"]
[White "Monaco, Alessandro"]
[Black "Tirenna, Francesco"]
[WhiteElo "1664"]
[BlackElo "1422"]
[Result "1-0"]
[PlyCount "155"]
[EventDate "2014.12.05"]

1. e4 e6 2. d3 d5 3. Nd2 c5 4. Ngf3 Nc6 5. g3 Bd6 6. Bg2 Nge7 7. O-O O-O 8. Re1
Qc7 9. Nf1 d4 10. c3 e5 11. cxd4 cxd4 12. N1d2 Bg4 13. a3 b5 14. Nb3 Rfc8 15.
Bd2 Qb6 16. h3 Bd7 17. Re2 f6 18. g4 a5 19. Be1 Ng6 20. Rc2 Be6 21. Nc1 Rc7 22.
Ne2 Bb3 23. Rxc6 Rxc6 24. Qxb3+ Kf8 25. g5 a4 26. Qd1 Be7 27. Bd2 Rac8 28. Rc1
Rxc1 29. Bxc1 Rc6 30. Ng3 Qc7 31. Bd2 Rc2 32. Qb1 Nf4 33. gxf6 Bxf6 34. Bf1 g6
35. Bc3 Rxc3 36. bxc3 dxc3 37. Ne1 Qc5 38. Nc2 Bh4 39. Qb4 Qxb4 40. Nxb4 Be7
41. Nc2 Ne6 42. Ne2 Nd4 43. Nexd4 exd4 44. Nxd4 Bxa3 45. Be2 b4 46. Bd1 b3 47.
Nxb3 axb3 48. Bxb3 Ke7 49. f4 Kd6 50. d4 h5 51. Kf2 Bb2 52. e5+ Ke7 53. d5 Bc1
54. Kf3 Kd7 55. Ke4 Ba3 56. Ba4+ Ke7 57. f5 gxf5+ 58. Kxf5 Bb2 59. Kg5 c2 60.
Bxc2 Bxe5 61. Kxh5 Kd6 62. Be4 Bd4 63. Kg5 Bc3 64. h4 Be5 65. Kg6 Bh8 66. h5
Bd4 67. h6 Bh8 68. Kf7 Be5 69. h7 Bh8 70. Kg8 Be5 71. h8=Q Bxh8 72. Kxh8 Ke7
73. Kg7 Kd6 74. Kf7 Kd7 75. Bf3 Kd8 76. Ke6 Ke8 77. d6 Kd8 78. d7 1-0

[Event "I Festival dell'Etna A"]
[Site "Nicolosi ITA"]
[Date "2014.12.06"]
[Round "2"]
[White "Musso, Andrea"]
[Black "Mammoliti, Raffaele"]
[WhiteElo "1697"]
[BlackElo "1512"]
[Result "1-0"]
[PlyCount "123"]
[EventDate "2014.12.05"]

1. e4 c5 2. c3 d6 3. d4 cxd4 4. cxd4 e6 5. Nc3 a6 6. Be2 b5 7. a3 Qc7 8. Be3
Bb7 9. Rc1 Qd8 10. f3 g6 11. Nh3 Nc6 12. Nf4 Bg7 13. d5 exd5 14. Nfxd5 Nge7 15.
Bb6 Qb8 16. Nc7+ Kf8 17. Nxa8 Bxa8 18. Be3 Ne5 19. O-O f5 20. Bd3 h6 21. Bf4 g5
22. Bxe5 Bxe5 23. exf5 Qb6+ 24. Kh1 Qd4 25. Be4 Bxe4 26. Qxd4 Bxd4 27. fxe4 Kf7
28. b4 Re8 29. Rc2 Ng8 30. Rd1 Be5 31. Nd5 Nf6 32. Rc7+ Kf8 33. Nxf6 Bxf6 34.
Rxd6 Be5 35. Rdc6 Bxc7 36. Rxc7 Rxe4 37. h3 Re1+ 38. Kh2 Ra1 39. Rc8+ Kg7 40.
f6+ Kf7 41. Rc7+ Kf8 42. Rc3 Kf7 43. Rf3 Rc1 44. Kg3 Rc4 45. Rd3 Ke6 46. Rf3
Kf7 47. Kh2 Rf4 48. Rxf4 gxf4 49. g3 fxg3+ 50. Kxg3 Kxf6 51. Kf4 Kg6 52. Kg4
h5+ 53. Kf4 Kf6 54. h4 Kg6 55. Ke5 Kg7 56. Kf5 Kh6 57. Kf6 Kh7 58. Kg5 Kg7 59.
Kxh5 Kh7 60. Kg5 Kg7 61. Kf5 Kh7 62. Ke5 1-0

[Event "I Festival dell'Etna A"]
[Site "Nicolosi ITA"]
[Date "2014.12.06"]
[Round "2"]
[White "Norrito, Salvatore"]
[Black "Favitta, Amedeo"]
[WhiteElo "1564"]
[BlackElo "1789"]
[Result "0-1"]
[PlyCount "61"]
[EventDate "2014.12.05"]

1. e4 e6 2. c4 d5 3. e5 c5 4. Nf3 Nc6 5. d4 cxd4 6. cxd5 Qxd5 7. Nbd2 Nxe5 8.
Nxe5 Qxe5+ 9. Be2 d3 10. Nc4 Qxe2+ 11. Qxe2 dxe2 12. Bf4 Bb4+ 13. Kxe2 Nf6 14.
a3 Be7 15. Bd6 Bxd6 16. Nxd6+ Ke7 17. Nc4 Bd7 18. Ne3 Bb5+ 19. Kf3 Bc6+ 20. Ke2
Rhd8 21. Rhe1 Nd5 22. Ng4 Nf4+ 23. Kf1 Bxg2+ 24. Kg1 Bf3 25. Ne5 Bc6 26. Rac1
Nd3 27. Nxd3 Rxd3 28. Rc5 Rd2 29. h4 Rxb2 30. f4 Rg2+ 31. Kf1 0-1

[Event "I Festival dell'Etna A"]
[Site "Nicolosi ITA"]
[Date "2014.12.06"]
[Round "2"]
[White "Paladino, Antonio"]
[Black "Aceto, Andrea"]
[WhiteElo "1537"]
[BlackElo "1771"]
[Result "0-1"]
[PlyCount "46"]
[EventDate "2014.12.05"]

1. e4 e5 2. Nf3 Nc6 3. Bc4 Bc5 4. b4 Bxb4 5. c3 Ba5 6. Ba3 d6 7. Qb3 Qf6 8. h3
Nge7 9. O-O O-O 10. d3 Qg6 11. Kh2 Bb6 12. Nbd2 Qh6 13. Rae1 Ng6 14. Bc1 Nf4
15. Ng1 Qg6 16. g4 h5 17. Ngf3 hxg4 18. Nh4 Qh5 19. Kg3 g5 20. Ndf3 gxf3 21.
Rg1 Qxh4+ 22. Kxf3 Qxh3+ 23. Rg3 g4# 0-1

[Event "I Festival dell'Etna A"]
[Site "Nicolosi ITA"]
[Date "2014.12.06"]
[Round "2"]
[White "Pisacane, Pietro"]
[Black "Tondo, Salvatore"]
[WhiteElo "2110"]
[BlackElo "1895"]
[Result "1-0"]
[PlyCount "63"]
[EventDate "2014.12.05"]

1. c4 c5 2. g3 g6 3. Bg2 Bg7 4. Nc3 Nc6 5. a3 d6 6. Rb1 a5 7. Nf3 e5 8. d3 Nge7
9. O-O O-O 10. Ne1 Be6 11. Nc2 d5 12. cxd5 Nxd5 13. Ne4 Qe7 14. Ne3 Nd4 15.
Nxd5 Bxd5 16. Bg5 Qc7 17. Rc1 Bb3 18. Qd2 f5 19. Nxc5 Qf7 20. e3 b6 21. exd4
bxc5 22. Rxc5 exd4 23. Rfc1 Rae8 24. Qxa5 h6 25. Bf4 Qe6 26. Rb5 Kh7 27. Qb4
Rc8 28. Re1 Qxe1+ 29. Qxe1 Rfe8 30. Be5 Re7 31. f4 Rce8 32. Rxb3 1-0

[Event "I Festival dell'Etna A"]
[Site "Nicolosi ITA"]
[Date "2014.12.06"]
[Round "2"]
[White "Rosolia, Giuseppe"]
[Black "Oddo, Salvatore"]
[WhiteElo "1806"]
[BlackElo "1604"]
[Result "1-0"]
[PlyCount "49"]
[EventDate "2014.12.05"]

1. Nf3 d6 2. e4 e5 3. Be2 Nd7 4. O-O Be7 5. d3 Ngf6 6. Nbd2 O-O 7. a4 a5 8. Nc4
b6 9. Ne3 Nc5 10. b3 Na6 11. Bb2 c5 12. Nd2 Qc7 13. Ndc4 Be6 14. Na3 Bd7 15.
Bf3 g6 16. g3 Nb8 17. Bg2 Qc8 18. Qe2 h5 19. f4 exf4 20. gxf4 Ng4 21. Nd5 Qd8
22. h3 Nh6 23. Nc4 Ra6 24. Nxd6 Bxd6 25. Nf6+ 1-0

[Event "I Festival dell'Etna A"]
[Site "Nicolosi ITA"]
[Date "2014.12.06"]
[Round "2"]
[White "Russo, Carmelo"]
[Black "Spina, Simonpietro"]
[WhiteElo "1647"]
[BlackElo "1858"]
[Result "0-1"]
[PlyCount "78"]
[EventDate "2014.12.05"]

1. d4 Nf6 2. c4 g6 3. Nf3 Bg7 4. g3 d6 5. Bg2 O-O 6. O-O Nbd7 7. Nc3 c6 8. Bg5
Qc7 9. Rc1 c5 10. d5 a6 11. Re1 h6 12. Bf4 Ng4 13. h3 Nge5 14. b3 Rb8 15. Qd2
Kh7 16. h4 h5 17. Ng5+ Kg8 18. Nce4 b5 19. cxb5 axb5 20. Nf3 Ng4 21. Rc2 Qb6
22. Rf1 Bb7 23. Nc3 Rfc8 24. e4 Ba6 25. Re1 b4 26. Na4 Qb7 27. Nb2 Nb6 28. Rec1
Bb5 29. Bf1 Bxf1 30. Rxf1 Ra8 31. Nc4 Nxc4 32. Rxc4 Ra3 33. Rfc1 Rca8 34. R1c2
Qa6 35. e5 dxe5 36. Be3 Nxe3 37. fxe3 Rxa2 38. Rxc5 Ra1+ 39. Rc1 Qf6 0-1

[Event "I Festival dell'Etna A"]
[Site "Nicolosi ITA"]
[Date "2014.12.06"]
[Round "2"]
[White "Sardo, Gabriele"]
[Black "Cannella, Carlo"]
[WhiteElo "2211"]
[BlackElo "1931"]
[Result "1-0"]
[PlyCount "65"]
[EventDate "2014.12.05"]

1. d4 Nf6 2. c4 g6 3. Nc3 d5 4. Nf3 Bg7 5. Bg5 Ne4 6. Bh4 Nxc3 7. bxc3 O-O 8.
e3 c5 9. Be2 Nc6 10. O-O Be6 11. Ng5 Bf5 12. cxd5 Qxd5 13. Bf3 Qc4 14. Ne4 Bxe4
15. Bxe4 e5 16. Rc1 Rfe8 17. Qf3 Ne7 18. Bxb7 Rab8 19. Bg3 Nf5 20. Bd5 Qa6 21.
Bxf7+ Kxf7 22. e4 Kg8 23. exf5 e4 24. Qg4 Rb2 25. fxg6 hxg6 26. Qd7 Qc8 27.
Qd5+ Kh7 28. dxc5 e3 29. fxe3 Rd8 30. Bd6 Qg4 31. Rf4 Qh5 32. Qe4 Kg8 33. Qc4+
1-0